| 000 | 00395nam a2200145 a 4500 | ||
|---|---|---|---|
| 001 | 2856 | ||
| 003 | CDMR | ||
| 005 | 20130802121143.0 | ||
| 008 | 130130s1926||||||||||||||||||||||||||||d | ||
| 040 |
_aCDMR _bcat _cCPC LLEIDA |
||
| 100 | 1 |
_aCarbonell, Francesc _9211 |
|
| 245 | 1 | 0 |
_aMemòria 1925 _cCARBONELL, Francesc |
| 260 |
_aBarcelona _c1926 _bAssociació de la Premsa de Barcelona |
||
| 942 |
_cMON _2udc |
||
| 999 |
_c2856 _d2856 |
||